000
00384nam a22001697a 4500
003
MPLRDC
005
20220104123818.0
008
210129b ||||| |||| 00| 0 eng d
082
_a
419.8 BY
100
_a
白依
245
_a
护士手记
_c
250
_a
初版
260
_a
_b
大光出版社有限公司
_c
1979
300
_b
平
650
_a
护士
942
_c
BK
_o
419.8 BY
999
_c
14390
_d
14380